[Event "Enniscrone Sligo-ch"]
[Site "Enniscrone"]
[Date "2024.02.04"]
[Round "4"]
[White "Ryan, Tiernan"]
[Black "Hiatt, Alan P"]
[Result "0-1"]
[WhiteElo "1527"]
[BlackElo "1597"]
[PlyCount "65"]
[EventDate "2024.02.02"]
[EventType "swiss"]
[EventRounds "5"]
[EventCountry "IRL"]
[SourceTitle "CB08_2024"]
[SourceDate "2024.02.21"]
[SourceVersion "1"]
[SourceVersionDate "2024.02.21"]
[SourceQuality "1"]

1. e4 e5 2. Nf3 d6 3. Nc3 Nf6 4. d4 Nbd7 5. Bc4 Be7 6. 0-0 c6 7. Be3 Qc7 8. a4 Nf8 9. Qd3 h6 10. dxe5 dxe5 11. h3 g5 12. Nh2 Ng6 13. Ne2 Nf4 14. Bxf4 gxf4 15. Qb3 Bc5 16. Qf3 Qe7 17. Rad1 0-0 18. Rfe1 Be6 19. Bd3 Kh8 20. Nxf4 exf4 21. Qxf4 Ng8 22. b4 Bxb4 23. Re3 Qf6 24. Qg3 Qg5 25. Ng4 Bxg4 26. hxg4 Nf6 27. Qh3 Qxg4 28. Qxh6+ Nh7 29. Rh3 Qg6 30. e5 Qxh6 31. Rxh6 Rfd8 32. Rxh7+ Kg8 33. Re1 0-1